<?xml version="1.0" encoding="UTF-8"?>
<record
    xmlns:xsi="http://www.w3.org/2001/XMLSchema-instance"
    xsi:schemaLocation="http://www.loc.gov/MARC21/slim http://www.loc.gov/standards/marcxml/schema/MARC21slim.xsd"
    xmlns="http://www.loc.gov/MARC21/slim">

  <leader>02651cam a2200337 ia4500</leader>
  <controlfield tag="003">OSt</controlfield>
  <controlfield tag="005">20260205125442.0</controlfield>
  <controlfield tag="008">260204s2005    ts a   f     f10010 ara c</controlfield>
  <datafield tag="024" ind1="0" ind2=" ">
    <subfield code="a">00000000827881</subfield>
  </datafield>
  <datafield tag="024" ind1="0" ind2=" ">
    <subfield code="a">00000000829199 (1&#x60C; 2 &#x645;&#x62C;&#x644;&#x62F;)</subfield>
  </datafield>
  <datafield tag="024" ind1="0" ind2=" ">
    <subfield code="a">00000000965159</subfield>
  </datafield>
  <datafield tag="040" ind1=" " ind2=" ">
    <subfield code="a">SA-JeALM</subfield>
    <subfield code="b">ara</subfield>
    <subfield code="c">SA-RiAUC</subfield>
    <subfield code="e">rda</subfield>
  </datafield>
  <datafield tag="050" ind1=" " ind2="4">
    <subfield code="b">.N33 2005</subfield>
  </datafield>
  <datafield tag="082" ind1="0" ind2="4">
    <subfield code="a">332.1221</subfield>
    <subfield code="q">SA-RiAUC</subfield>
  </datafield>
  <datafield tag="090" ind1=" " ind2=" ">
    <subfield code="a">332.1221</subfield>
    <subfield code="b">&#x646; &#x62F; &#x648;</subfield>
  </datafield>
  <datafield tag="111" ind1="2" ind2=" ">
    <subfield code="a">&#x646;&#x62F;&#x648;&#x629; &#x62A;&#x631;&#x634;&#x64A;&#x62F; &#x645;&#x633;&#x64A;&#x631;&#x629; &#x627;&#x644;&#x628;&#x646;&#x648;&#x643; &#x627;&#x644;&#x625;&#x633;&#x644;&#x627;&#x645;&#x64A;&#x629;</subfield>
    <subfield code="c">&#x62F;&#x628;&#x64A;&#x60C; &#x627;&#x644;&#x625;&#x645;&#x627;&#x631;&#x627;&#x62A; &#x627;&#x644;&#x639;&#x631;&#x628;&#x64A;&#x629; &#x627;&#x644;&#x645;&#x62A;&#x62D;&#x62F;&#x629;)</subfield>
    <subfield code="d">(2005 :</subfield>
  </datafield>
  <datafield tag="245" ind1="1" ind2="0">
    <subfield code="a">&#x628;&#x62D;&#x648;&#x62B; &#x646;&#x62F;&#x648;&#x629; &#x62A;&#x631;&#x634;&#x64A;&#x62F; &#x645;&#x633;&#x64A;&#x631;&#x629; &#x627;&#x644;&#x628;&#x646;&#x648;&#x643; &#x627;&#x644;&#x625;&#x633;&#x644;&#x627;&#x645;&#x64A;&#x629;&#x60C; 29 &#x631;&#x62C;&#x628; &#x625;&#x644;&#x649; 1 &#x634;&#x639;&#x628;&#x627;&#x646; 1426 &#x647;&#x640; &#x627;&#x644;&#x645;&#x648;&#x627;&#x641;&#x642; &#x645;&#x646; 3 &#x625;&#x644;&#x649; 5 &#x633;&#x628;&#x62A;&#x645;&#x628;&#x631; 2005 &#x645;&#x60C; &#x641;&#x646;&#x62F;&#x642; &#x645;&#x64A;&#x631;&#x64A;&#x62F;&#x64A;&#x627;&#x646;-&#x62F;&#x628;&#x64A; &#x62F;&#x648;&#x644;&#x629; &#x627;&#x644;&#x625;&#x645;&#x627;&#x631;&#x627;&#x62A; &#x627;&#x644;&#x639;&#x631;&#x628;&#x64A;&#x629; &#x627;&#x644;&#x645;&#x62A;&#x62D;&#x62F;&#x629; /</subfield>
    <subfield code="c">[&#x62A;&#x646;&#x638;&#x64A;&#x645;] &#x631;&#x627;&#x628;&#x637;&#x629; &#x627;&#x644;&#x62C;&#x627;&#x645;&#x639;&#x627;&#x62A; &#x627;&#x644;&#x625;&#x633;&#x644;&#x627;&#x645;&#x64A;&#x629;&#x60C; &#x628;&#x646;&#x643; &#x62F;&#x628;&#x64A; &#x627;&#x644;&#x625;&#x633;&#x644;&#x627;&#x645;&#x64A;&#x60C; &#x627;&#x644;&#x645;&#x639;&#x647;&#x62F; &#x627;&#x644;&#x625;&#x633;&#x644;&#x627;&#x645;&#x64A; &#x644;&#x644;&#x628;&#x62D;&#x648;&#x62B; &#x648;&#x627;&#x644;&#x62A;&#x62F;&#x631;&#x64A;&#x628;.</subfield>
  </datafield>
  <datafield tag="264" ind1=" " ind2="1">
    <subfield code="a">&#x62F;&#x628;&#x64A;&#x60C; &#x627;&#x644;&#x625;&#x645;&#x627;&#x631;&#x627;&#x62A; &#x627;&#x644;&#x639;&#x631;&#x628;&#x64A;&#x629; &#x627;&#x644;&#x645;&#x62A;&#x62D;&#x62F;&#x629; :</subfield>
    <subfield code="b">&#x628;&#x646;&#x643; &#x62F;&#x628;&#x64A; &#x627;&#x644;&#x625;&#x633;&#x644;&#x627;&#x645;&#x64A;&#x60C;</subfield>
    <subfield code="c">2005</subfield>
  </datafield>
  <datafield tag="300" ind1=" " ind2=" ">
    <subfield code="a">3 &#x645;&#x62C;&#x644;&#x62F; :</subfield>
    <subfield code="b">&#x625;&#x64A;&#x636;&#x627;&#x62D;&#x64A;&#x627;&#x62A; &#x61B;</subfield>
    <subfield code="c">24 &#x633;&#x645;.</subfield>
  </datafield>
  <datafield tag="336" ind1=" " ind2=" ">
    <subfield code="a">&#x646;&#x635;</subfield>
    <subfield code="b">txt</subfield>
    <subfield code="2">rdacontent</subfield>
    <subfield code="3">&#x643;&#x62A;&#x627;&#x628;</subfield>
  </datafield>
  <datafield tag="337" ind1=" " ind2=" ">
    <subfield code="a">&#x628;&#x62F;&#x648;&#x646; &#x648;&#x633;&#x64A;&#x637;</subfield>
    <subfield code="b">n</subfield>
    <subfield code="2">rdamedia</subfield>
  </datafield>
  <datafield tag="520" ind1=" " ind2=" ">
    <subfield code="a">&#x64A;&#x62A;&#x646;&#x627;&#x648;&#x644; &#x643;&#x62A;&#x627;&#x628; (&#x628;&#x62D;&#x648;&#x62B; &#x646;&#x62F;&#x648;&#x629; &#x62A;&#x631;&#x634;&#x64A;&#x62F; &#x645;&#x633;&#x64A;&#x631;&#x629; &#x627;&#x644;&#x628;&#x646;&#x648;&#x643; &#x627;&#x644;&#x625;&#x633;&#x644;&#x627;&#x645;&#x64A;&#x629;) &#x648;&#x627;&#x644;&#x630;&#x64A; &#x642;&#x627;&#x645; &#x628;&#x625;&#x639;&#x62F;&#x627;&#x62F;&#x647; &#x628;&#x646;&#x643; &#x62F;&#x628;&#x64A; &#x627;&#x644;&#x625;&#x633;&#x644;&#x627;&#x645;&#x64A;&#x60C; &#x645;&#x648;&#x636;&#x648;&#x639; (&#x627;&#x644;&#x628;&#x646;&#x648;&#x643; &#x627;&#x644;&#x625;&#x633;&#x644;&#x627;&#x645;&#x64A;&#x629;) &#x647;&#x630;&#x627; &#x627;&#x644;&#x643;&#x62A;&#x627;&#x628; &#x64A;&#x633;&#x62A;&#x639;&#x631;&#x636; &#x628;&#x639;&#x636; &#x627;&#x644;&#x623;&#x641;&#x643;&#x627;&#x631; &#x627;&#x644;&#x645;&#x635;&#x631;&#x641;&#x64A;&#x629; &#x641;&#x64A; &#x627;&#x644;&#x62D;&#x636;&#x627;&#x631;&#x627;&#x62A; &#x627;&#x644;&#x642;&#x62F;&#x64A;&#x645;&#x629;&#x60C; &#x62B;&#x645; &#x641;&#x64A; &#x627;&#x644;&#x62D;&#x636;&#x627;&#x631;&#x629; &#x627;&#x644;&#x625;&#x633;&#x644;&#x627;&#x645;&#x64A;&#x629;&#x60C; &#x643;&#x645;&#x627; &#x64A;&#x642;&#x62F;&#x645; &#x628;&#x639;&#x636; &#x627;&#x644;&#x623;&#x641;&#x643;&#x627;&#x631; &#x627;&#x644;&#x645;&#x635;&#x631;&#x641;&#x64A;&#x629; &#x627;&#x644;&#x62D;&#x62F;&#x64A;&#x62B;&#x629; &#x627;&#x644;&#x62A;&#x64A; &#x638;&#x647;&#x631;&#x62A; &#x641;&#x64A; &#x627;&#x644;&#x642;&#x631;&#x646; &#x627;&#x644;&#x645;&#x627;&#x636;&#x64A; &#x639;&#x644;&#x649; &#x623;&#x64A;&#x62F;&#x64A; &#x627;&#x644;&#x631;&#x639;&#x64A;&#x644; &#x627;&#x644;&#x623;&#x648;&#x644; &#x645;&#x646; &#x641;&#x642;&#x647;&#x627;&#x621; &#x648;&#x623;&#x633;&#x627;&#x62A;&#x630;&#x629; &#x627;&#x644;&#x641;&#x643;&#x631; &#x627;&#x644;&#x627;&#x642;&#x62A;&#x635;&#x627;&#x62F;&#x64A; &#x627;&#x644;&#x625;&#x633;&#x644;&#x627;&#x645;&#x64A;. &#x645;&#x648;&#x636;&#x62D;&#x627; &#x627;&#x644;&#x645;&#x641;&#x647;&#x648;&#x645; &#x627;&#x644;&#x639;&#x627;&#x645; &#x644;&#x641;&#x644;&#x633;&#x641;&#x629; &#x627;&#x644;&#x645;&#x635;&#x627;&#x631;&#x641; &#x627;&#x644;&#x625;&#x633;&#x644;&#x627;&#x645;&#x64A;&#x629; &#x648;&#x633;&#x645;&#x627;&#x62A;&#x647;&#x627;&#x60C; &#x648;&#x627;&#x644;&#x645;&#x634;&#x643;&#x644;&#x627;&#x62A; &#x627;&#x644;&#x639;&#x645;&#x644;&#x64A;&#x629; &#x628;&#x64A;&#x646; &#x627;&#x644;&#x628;&#x646;&#x648;&#x643; &#x627;&#x644;&#x625;&#x633;&#x644;&#x627;&#x645;&#x64A;&#x629; &#x648;&#x627;&#x644;&#x623;&#x62C;&#x647;&#x632;&#x629; &#x627;&#x644;&#x62D;&#x643;&#x648;&#x645;&#x64A;&#x629;. </subfield>
  </datafield>
  <datafield tag="650" ind1=" " ind2="7">
    <subfield code="a">&#x627;&#x644;&#x628;&#x646;&#x648;&#x643; &#x627;&#x644;&#x625;&#x633;&#x644;&#x627;&#x645;&#x64A;&#x629;</subfield>
    <subfield code="v">&#x645;&#x624;&#x62A;&#x645;&#x631;&#x627;&#x62A;</subfield>
    <subfield code="2">aucsh</subfield>
  </datafield>
  <datafield tag="650" ind1=" " ind2="7">
    <subfield code="a">&#x627;&#x644;&#x627;&#x642;&#x62A;&#x635;&#x627;&#x62F; &#x627;&#x644;&#x625;&#x633;&#x644;&#x627;&#x645;&#x64A;</subfield>
    <subfield code="v">&#x645;&#x624;&#x62A;&#x645;&#x631;&#x627;&#x62A;</subfield>
    <subfield code="2">aucsh</subfield>
  </datafield>
  <datafield tag="710" ind1="2" ind2=" ">
    <subfield code="a">&#x631;&#x627;&#x628;&#x637;&#x629; &#x627;&#x644;&#x62C;&#x627;&#x645;&#x639;&#x627;&#x62A; &#x627;&#x644;&#x625;&#x633;&#x644;&#x627;&#x645;&#x64A;&#x629;</subfield>
    <subfield code="e">&#x645;&#x646;&#x638;&#x645;.</subfield>
  </datafield>
  <datafield tag="710" ind1="2" ind2=" ">
    <subfield code="a">&#x628;&#x646;&#x643; &#x62F;&#x628;&#x64A; &#x627;&#x644;&#x625;&#x633;&#x644;&#x627;&#x645;&#x64A;</subfield>
    <subfield code="e">&#x645;&#x646;&#x638;&#x645;.</subfield>
  </datafield>
  <datafield tag="710" ind1="2" ind2=" ">
    <subfield code="a">&#x627;&#x644;&#x645;&#x639;&#x647;&#x62F; &#x627;&#x644;&#x625;&#x633;&#x644;&#x627;&#x645;&#x64A; &#x644;&#x644;&#x628;&#x62D;&#x648;&#x62B; &#x648;&#x627;&#x644;&#x62A;&#x62F;&#x631;&#x64A;&#x628;</subfield>
    <subfield code="e">&#x645;&#x646;&#x638;&#x645;.</subfield>
  </datafield>
  <datafield tag="942" ind1=" " ind2=" ">
    <subfield code="2">ddc</subfield>
    <subfield code="c">BOOK</subfield>
    <subfield code="n">0</subfield>
  </datafield>
  <datafield tag="949" ind1=" " ind2=" ">
    <subfield code="a">SA-JeALM</subfield>
    <subfield code="d">260204</subfield>
    <subfield code="u">osman123</subfield>
    <subfield code="n">1</subfield>
  </datafield>
  <datafield tag="952" ind1=" " ind2=" ">
    <subfield code="0">0</subfield>
    <subfield code="1">0</subfield>
    <subfield code="2">ddc</subfield>
    <subfield code="3">&#x627;&#x644;&#x62C;&#x632;&#x621; &#x627;&#x644;&#x62B;&#x627;&#x646;&#x64A; </subfield>
    <subfield code="4">0</subfield>
    <subfield code="7">0</subfield>
    <subfield code="a">WAHAB</subfield>
    <subfield code="b">WAHAB</subfield>
    <subfield code="d">2026-02-05</subfield>
    <subfield code="l">0</subfield>
    <subfield code="o">332.1221  &#x646; &#x62F; &#x648;</subfield>
    <subfield code="p">000006101</subfield>
    <subfield code="r">2026-02-05 12:55:19</subfield>
    <subfield code="w">2026-02-05</subfield>
    <subfield code="y">BOOK</subfield>
  </datafield>
  <datafield tag="952" ind1=" " ind2=" ">
    <subfield code="0">0</subfield>
    <subfield code="1">0</subfield>
    <subfield code="2">ddc</subfield>
    <subfield code="3">&#x627;&#x644;&#x62C;&#x632;&#x621; &#x627;&#x644;&#x627;&#x648;&#x644;</subfield>
    <subfield code="4">0</subfield>
    <subfield code="7">0</subfield>
    <subfield code="a">WAHAB</subfield>
    <subfield code="b">WAHAB</subfield>
    <subfield code="d">2026-02-10</subfield>
    <subfield code="l">0</subfield>
    <subfield code="o">332.1221 &#x646; &#x62F; &#x648;</subfield>
    <subfield code="p">000011494</subfield>
    <subfield code="r">2026-02-10 14:23:12</subfield>
    <subfield code="w">2026-02-10</subfield>
    <subfield code="y">BOOK</subfield>
  </datafield>
  <datafield tag="952" ind1=" " ind2=" ">
    <subfield code="0">0</subfield>
    <subfield code="1">0</subfield>
    <subfield code="2">ddc</subfield>
    <subfield code="3">&#x627;&#x644;&#x62C;&#x632;&#x621; &#x627;&#x644;&#x62B;&#x627;&#x644;&#x62B; </subfield>
    <subfield code="4">0</subfield>
    <subfield code="7">0</subfield>
    <subfield code="a">WAHAB</subfield>
    <subfield code="b">WAHAB</subfield>
    <subfield code="d">2026-02-10</subfield>
    <subfield code="l">0</subfield>
    <subfield code="o">332.1221 &#x646; &#x62F; &#x648;</subfield>
    <subfield code="p">000011495</subfield>
    <subfield code="r">2026-02-10 14:23:12</subfield>
    <subfield code="w">2026-02-10</subfield>
    <subfield code="y">BOOK</subfield>
  </datafield>
  <datafield tag="999" ind1=" " ind2=" ">
    <subfield code="c">14263</subfield>
    <subfield code="d">14263</subfield>
  </datafield>
</record>
